Làm rượu vang trái cây ở gia đình

সংরক্ষণ করুন:
গ্রন্থ-পঞ্জীর বিবরন
প্রধান লেখক: Vũ, Công Hậu
বিন্যাস: গ্রন্থ
ভাষা:Undetermined
প্রকাশিত: Thành phố Hồ Chí Minh Nông Nghiệp 2004
বিষয়গুলি:
ট্যাগগুলো: ট্যাগ যুক্ত করুন
কোনো ট্যাগ নেই, প্রথমজন হিসাবে ট্যাগ করুন!
Thư viện lưu trữ: Trung tâm Học liệu Trường Đại học Cần Thơ
LEADER 00583nam a2200193Ia 4500
001 CTU_96308
008 210402s9999 xx 000 0 und d
020 |c 12000 
082 |a 641.22 
082 |b H125 
100 |a Vũ, Công Hậu 
245 0 |a Làm rượu vang trái cây ở gia đình 
245 0 |c Vũ Công Hậu 
260 |a Thành phố Hồ Chí Minh 
260 |b Nông Nghiệp 
260 |c 2004 
650 |a Fruit wines,Home economics,Wine and wine making 
904 |i Năm 
980 |a Trung tâm Học liệu Trường Đại học Cần Thơ